| 000 | 00670nam a22002297a 4500 | ||
|---|---|---|---|
| 005 | 20170124110151.0 | ||
| 010 | _aA-991552 | ||
| 020 |
_c00.00 _a8176480304 |
||
| 035 | _aA-991552 | ||
| 037 | _bCen Lib/Ret | ||
| 040 |
_aDPL _bEN |
||
| 082 |
_a647.92 _bCHA |
||
| 100 |
_aChakravarti, B. K. _9107327 |
||
| 245 |
_aHotel management / _cby B. K. Chakravarti |
||
| 260 |
_aNew Delhi _bA.P.H. Publishing Corporation _c1999 |
||
| 270 |
_a5, Ansari Road Darya Ganj _bNew Delhi _e110002 |
||
| 300 |
_axi,303p. _c22cm(Hb) |
||
| 500 | _aIncludes index | ||
| 650 |
_aHotel management _9107328 |
||
| 650 |
_aHotels _933907 |
||
| 942 |
_2ddc _cEN _h647.92 _mCHA |
||
| 999 |
_c132177 _d132177 |
||